Statistics for PDC World Darts Championship 2024

Click here to take the quiz!

General Stats

  • This quiz has been taken 334 times
  • The average score is 44 of 96

Answer Stats

NationalitätSpieler% Correct
NetherlandsMichael Van Gerwen
99%
EnglandMichael Smith
97%
EnglandRoss Smith
95%
WalesGerwyn Price
94%
EnglandLuke Humphries
93%
ScotlandPeter Wright
93%
EnglandRob Cross
86%
ScotlandGary Anderson
85%
EnglandLuke Littler
83%
AustraliaDamon Heta
79%
WalesJonny Clayton
79%
BelgiumDimitri van den Bergh
78%
EnglandNathan Aspinall
77%
GermanyGabriel Clemens
76%
NetherlandsRaymond van Barneveld
75%
Northern IrelandBrendan Dolan
71%
NetherlandsDanny Noppert
71%
PortugalJosé de Sousa
71%
GermanyMartin Schindler
71%
Northern IrelandDaryl Gurney
70%
AustraliaSimon Whitlock
70%
EnglandStephen Bunting
69%
Northern IrelandJosh Rock
67%
EnglandDave Chisnall
66%
PolandKrzysztof Ratajski
66%
EnglandScott Williams
66%
WalesJim Williams
65%
NetherlandsDirk van Duijvenbode
63%
EnglandJames Wade
62%
EnglandChris Dobey
61%
BelgiumKim Huybrechts
61%
EnglandJoe Cullen
60%
LatviaMadars Razma
57%
GermanyFlorian Hempel
56%
EnglandFallon Sherrock
54%
GermanyRicardo Pietreczko
53%
AustriaRusty-Jake Rodriguez
53%
IrelandWilliam O’Connor
53%
NetherlandsGian van Veen
51%
CanadaMatt Campbell
50%
EnglandRyan Searle
50%
CroatiaBoris Krčmar
49%
EnglandRicky Evans
47%
EnglandLee Evans
44%
EnglandAndrew Gilding
43%
JapanMikuru Suzuki
43%
FranceThibault Tricole
41%
IrelandSteve Lennon
40%
NetherlandsJermaine Wattimena
38%
IrelandKeane Barry
37%
Northern IrelandMickey Mansell
37%
BelgiumMike de Decker
37%
SwedenJeffrey de Graaf
36%
USAStowe Buntz
36%
ScotlandCameron Menzies
35%
FinlandMarko Kantele
35%
PhilippinesLourence Ilagan
34%
EnglandCallan Rydz
33%
EnglandSteve Beaton
32%
GermanyDragutin Horvat
31%
USAJules van Dongen
31%
Hong KongMan Lok Leung
31%
NetherlandsKevin Doets
30%
EnglandIan White
29%
EnglandLuke Woodhouse
29%
PolandRadek Szagański
29%
NetherlandsRichard Veenstra
29%
EnglandDarren Webster
28%
PolandKrzysztof Kciuk
28%
CanadaDavid Cameron
27%
New ZealandBen Robb
26%
NetherlandsBerry van Peer
26%
New ZealandHaupai Puha
26%
NetherlandsChristian Kist
25%
EnglandRyan Joyce
25%
BelgiumMario Vandenbogaerde
24%
South AfricaSimon Adams
24%
IrelandDylan Slevin
23%
EnglandKeegan Brown
23%
EnglandConnor Scutt
22%
JapanHaruki Muramatsu
22%
EnglandMartin Lukeman
22%
NetherlandsNiels Zonneveld
22%
JapanTomoya Gotō
22%
EnglandRitchie Edhouse
21%
GuyanaNorman Madhoo
20%
IndiaBhav Patel
19%
PhilippinesPaolo Nebrida
19%
AustraliaDarren Penhall
18%
EnglandJamie Hughes
18%
EnglandOwen Bates
17%
USAAlex Spellman
16%
PhilippinesReynaldo Rivera
15%
PhilippinesSandro Eric Sosing
14%
NetherlandsWessel Nijman
13%
ChinaZong Xiaochen
11%

Score Distribution

Percentile by Number Answered

Percent of People with Each Score

Your Score History

You have not taken this quiz